Регионална библиотека "Любен Каравелов" - Русе

Адвентистите от седмия ден вярват... (Запис номер 167162)

MARC детайли
000 -Лидер
Контролно поле с фиксирана дължина 01211nam a2200313 c 4500
003 - Код на организацията, давaща контролен номер
Контролно поле BLK
005 - Дата и час на последна редакция
Контролно поле 20180420235050.0
008 - Елементи от данни с фиксирана дължина
fixed length control field 180411b bul|||||r ||||||| ||bul||
010 ## - Наследен системен номер
LC control number KNG00174953000
020 ## - Международен стандартен номер на книга ISBN
Международен стандартен номер на книга ISBN 978-954-788-085-6
-- издат.: Ел Уай
040 ## - Източник на каталожния запис
Идентификатор на билиотеката - собственик на записа BLK
041 ## - Код за език
Код за езика на текст/звукозапис или на отделно заглавие Български
Код за езика КДБФ Български
072 #7 - Код за тематичната категория
Код организация bullib
Код за тематична категория Н20
Текст Религия. Теология Н
080 ## - УДК
Текстов определител УДК Анабаптисти. Менонити. Баптисти. Адвентисти. Евангелисти
УДК код - определител по УДК 286
УДК определител
УДК - код + определител 286
139 ## - Редно поле
Редна дума Адвентистите от седмия ден вярват...
Авторски знак Ад - А 28
245 10 - Сведения за заглавието
Заглавие Адвентистите от седмия ден вярват...
Подзаглавни данни Библейско изложение на 28 основни учения
257 ## - Страна на издаване
Страна на създаване/издаване България
260 ## - Област на издателските данни
-- София
Име на издателя, разпространителя и проч. Ел Уай
Година на издаване 2013
Печатница София : ПК Димитър Благоев
300 ## - Физическа характеристика
Страници 438 с.
Илюстрации и др. с табл., сх.
Размери/Мащаб 24 см
380 ## - Жанр
Жанр Религия. Теология
650 #4 - Допълнително описание по предмет – тема
Основно описание – тема или топоним Адвентисти
9 (RLIN) 146500
653 ## - Ключова дума – ненормативна
Ключова дума адвентисти
659 ## - Тематичен бюлетин
Тематичен бюлетин Н
852 ## - Местоположение
Форматна сигнатура Цб 274122
856 4# - Електронен адрес и достъп
Електронен формат pdf - файл
Път до файла /url/
856 4# - Електронен адрес и достъп
Електронен формат pdf - файл
Път до файла /url/
942 ## - АРТИКУЛИ
Вид на библиотечния материал Книги
Скрит в OPAC Не
944 ## - СЪЗДАВАНЕ И РЕДАКЦИЯ на ЗАПИСА
Създаване/Редакция Създаване
Дата на регистрацията/редакция 08.05.2015
Служител, извършил регистрацията/редакцията Виолета_Тройчева
944 ## - СЪЗДАВАНЕ И РЕДАКЦИЯ на ЗАПИСА
Създаване/Редакция Редакция
Дата на регистрацията/редакция 02.10.2015
Служител, извършил регистрацията/редакцията Грета_Цуфелде
999 ## - СИСТЕМНИ КОНТРОЛНИ НОМЕРА
Koha biblionumber 167162
Koha biblioitemnumber 167162
Наличности
Код за отписване Код за изгубен артикул Код за повреда Коз за рестрикции Код за отдаване Артикулен № Име на библиотеката - собственик Име на библиотеката, в която се намира в момента Статус (Текущо местоположение) Дата на вписване в системата Местоположение - отдел Цена в лева Инвентарен номер Систематично азбучна сигнатура Баркод Номер на екземпляра Цена в евро Служебна бележка Служебен тип на артикула
  Не е изгубен Не е повреден без рестрикции ползва се в читалня 281586 Регионална библиотека "Любен Каравелов" Русе Регионална библиотека "Любен Каравелов" Русе Хранилище 2015-05-12 Хранилище 9.00 120000787860 Цб 274122 120000787860 1 4.60 Дост: Dp Вид: Д N: 45 Дата: 15.10.2014 Книги
Vip Innovations Ltd, Rousse, Bulgaria 2025